The european community : A guide to the maze
Zapisane w:
| 1. autor: | |
|---|---|
| Format: | Książka |
| Język: | Undetermined |
| Wydane: |
London
Kogan page
1989
|
| Hasła przedmiotowe: | |
| Etykiety: |
Dodaj etykietę
Nie ma etykietki, Dołącz pierwszą etykiete!
|
| Thư viện lưu trữ: | Trung tâm Học liệu Trường Đại học Cần Thơ |
|---|
| LEADER | 00530nam a2200193Ia 4500 | ||
|---|---|---|---|
| 001 | CTU_81435 | ||
| 008 | 210402s9999 xx 000 0 und d | ||
| 082 | |a 341.2422 | ||
| 082 | |b B927 | ||
| 100 | |a Budd, Stanley A. | ||
| 245 | 4 | |a The european community : | |
| 245 | 2 | |b A guide to the maze | |
| 245 | 0 | |c Stanley A Budd, Alun Jones | |
| 260 | |a London | ||
| 260 | |b Kogan page | ||
| 260 | |c 1989 | ||
| 650 | |a European economic community | ||
| 904 | |i Vương,Hải | ||
| 980 | |a Trung tâm Học liệu Trường Đại học Cần Thơ | ||